Normal view
MARC view
Entry Personal Name
001 - CONTROL NUMBER
- control field: 22860
003 - CONTROL NUMBER IDENTIFIER
- control field: OSt
005 - DATE AND TIME OF LATEST TRANSACTION
- control field: 20211213165016.0
008 - FIXED-LENGTH DATA ELEMENTS
- fixed length control field: 211213|| aca||aabn | a|a d
040 ## - CATALOGING SOURCE
- Original cataloging agency: OSt
- Transcribing agency: OSt
100 ## - HEADING--PERSONAL NAME
- Personal name: MANUAL USERIS
670 ## - SOURCE DATA FOUND
- Source citation: Work cat.: (OSt)22456: MANUAL USERIS, CHAMPION SYSTEM 5 AND CONTROLLER ACCOUNTING SOFTWARE, 1993